书目信息 |
| 题名: |
吉他弹奏进阶与突破
|
|
| 作者: | 刘传 编著 | |
| 分册: | ||
| 出版信息: | 海口 南海出版公司 2002 |
|
| 页数: | 160页 | |
| 开本: | 26cm | |
| 丛书名: | ||
| 单 册: | ||
| 中图分类: | J623.2 | |
| 科图分类: | ||
| 主题词: | 器乐--理论 , 六弦琴--奏法 , 器乐--演奏 | |
| 电子资源: | ||
| ISBN: | 7-5442-0628-9 | |
| 000 | 00873nam0 2200253 45 | |
| 001 | 0309201148 | |
| 005 | 20031219104115.6 | |
| 010 | @a7-5442-0628-9@dCNY13.80 | |
| 100 | @a20030920d2002 km y0chiy0120 ea | |
| 101 | 0 | @achi |
| 105 | @aag z 000yy | |
| 200 | 1 | @a吉他弹奏进阶与突破@AJi Ta Dan Zou Jin Jie Yu Tu Po@e实用弹奏技法@e简谱、六线谱、和弦图对照@EShi Yong Dan Zou Ji Fa@EJian Pu、Liu Xian Pu、He Xian Tu Dui Zhao@f刘传编著@FLiu Chuan Bian Zhu |
| 205 | @a2版 | |
| 210 | @a海口@c南海出版公司@d2002 | |
| 215 | @a160页@c插图@d26cm | |
| 517 | @a实用弹奏技法@AShi Yong Dan Zou Ji Fa | |
| 517 | @a简谱、六线谱、和弦图对照@AJian Pu、Liu Xian Pu、He Xian Tu Dui Zhao | |
| 606 | 0 | @a器乐@x理论 |
| 606 | 0 | @a六弦琴@x奏法 |
| 606 | 0 | @a器乐@x演奏 |
| 690 | @aJ623.2@v4 | |
| 701 | @a刘传@4编著 | |
| 801 | @aCN@bTSTC@c20030920 | |
| 905 | @b325724-728@dJ623.2@e118=2@f5 | |
| 吉他弹奏进阶与突破:实用弹奏技法:简谱、六线谱、和弦图对照/刘传编著.-2版.-海口:南海出版公司,2002 |
| 160页:插图;26cm |
| ISBN 7-5442-0628-9:CNY13.80 |
| ● |
| 相关链接 |
|
|
|
|
正题名:吉他弹奏进阶与突破
索取号:J623.2/118=2
 
预约/预借
| 序号 | 登录号 | 条形码 | 馆藏地/架位号 | 状态 | 备注 |
| 1 | 0325724 | 203257242 | 第一借阅区/ [索取号:J623.2/118=2] | 在馆 | |
| 2 | 0325725 | 203257251 | 第一借阅区/ [索取号:J623.2/118=2] | 在馆 | |
| 3 | 0325726 | 203257260 | 第一借阅区/ [索取号:J623.2/118=2] | 在馆 | |
| 4 | 0325727 | 203257279 | 第一借阅区/ [索取号:J623.2/118=2] | 在馆 | |
| 5 | 0325728 | 203257288 | 第一样本阅览室/ [索取号:J623.2/118=2] | 在馆 |